000 00487nam a2200181Ia 4500
001 17400
005 20260306171515.0
008 260306s9999||||xx |||||||||||||| ||und||
041 _aESP
082 _a657.835045
_bS11
100 _aSaavedra Tarmeño, Enrique
_eAUT
245 0 _aAuditoria tributaria:
_b¡como superar exitosamente una fiscalización - SUNAT!
260 _c2019
300 _a620 páginas :
_c29 cm.
650 _aGEN
654 _aCCO
942 _cLIB
_dJUS
_fJUS
_2ddc
_n
999 _c17400
_d17400